[Event "Hessen-ch 62nd"]
[Site "Hanau"]
[Date "2008.03.22"]
[Round "8"]
[White "Zude, Erik"]
[Black "Luechtemeier, Peter"]
[Result "1-0"]
[WhiteElo "2409"]
[BlackElo "2263"]
[PlyCount "73"]
[EventDate "2008.03.15"]
[EventType "swiss"]
[EventRounds "9"]
[EventCountry "GER"]
[SourceTitle "CBM 123 Extra"]
[Source "ChessBase"]
[SourceDate "2008.05.06"]
[SourceVersion "1"]
[SourceVersionDate "2008.05.06"]
[SourceQuality "1"]

1. e4 c6 2. d4 d5 3. e5 Bf5 4. Nd2 e6 5. Nb3 Ne7 6. Nf3 Nd7 7. Be2 Nc8 8. 0-0 Be7 9. Bd2 0-0 10. c4 dxc4 11. Na5 Qc7 12. Nxc4 Ncb6 13. Rc1 Nxc4 14. Bxc4 Rac8 15. Re1 Nb6 16. Bb3 Qd7 17. h3 c5 18. dxc5 Rxc5 19. Be3 Rxc1 20. Qxc1 Rc8 21. Qd1 Qxd1 22. Rxd1 Rd8 23. Rc1 Rc8 24. Rxc8+ Nxc8 25. Nd4 Kf8 26. Nxf5 exf5 27. Bd5 b5 28. Bc6 f6 29. exf6 Bxf6 30. Bxb5 Bxb2 31. Bd7 Ne7 32. Bxa7 Ba3 33. Kf1 Kf7 34. Ke1 g6 35. Bb5 Nd5 36. Bc4 Ke6 37. Bb8 1-0

[Event "Hessen-ch 62nd"]
[Site "Hanau"]
[Date "2008.03.18"]
[Round "4"]
[White "Luechtemeier, Peter"]
[Black "Uwira, Oliver"]
[Result "1-0"]
[WhiteElo "2263"]
[BlackElo "2305"]
[PlyCount "67"]
[EventDate "2008.03.15"]
[EventType "swiss"]
[EventRounds "9"]
[EventCountry "GER"]
[SourceTitle "CBM 123 Extra"]
[Source "ChessBase"]
[SourceDate "2008.05.06"]
[SourceVersion "1"]
[SourceVersionDate "2008.05.06"]
[SourceQuality "1"]

1. d4 d5 2. c4 Nc6 3. Nf3 Bg4 4. Nc3 e6 5. cxd5 exd5 6. Bf4 Bxf3 7. gxf3 Bb4 8. Rc1 Nge7 9. e3 0-0 10. a3 Ba5 11. Qc2 Ng6 12. Bg3 f5 13. f4 Nce7 14. h4 c6 15. h5 Nh8 16. Bh4 Qd7 17. Bd3 Rae8 18. Kd2 Nc8 19. Rcg1 Nd6 20. Kc1 Bxc3 21. Qxc3 Ne4 22. Qc2 Qe6 23. Rh2 Rf7 24. Rhg2 a5 25. Bxe4 fxe4 26. Qc5 h6 27. Qxa5 Kh7 28. Qd2 Qh3 29. Rg4 Rg8 30. Qe1 g5 31. hxg6+ Nxg6 32. Bg5 c5 33. Bxh6 Nxf4 34. Rxf4 1-0

[Event "Hessen-ch 62nd"]
[Site "Hanau"]
[Date "2008.03.15"]
[Round "1"]
[White "Schlamp, Robert"]
[Black "Luechtemeier, Peter"]
[Result "1/2-1/2"]
[WhiteElo "2333"]
[BlackElo "2263"]
[PlyCount "50"]
[EventDate "2008.03.15"]
[EventType "swiss"]
[EventRounds "9"]
[EventCountry "GER"]
[SourceTitle "CBM 123 Extra"]
[Source "ChessBase"]
[SourceDate "2008.05.06"]
[SourceVersion "1"]
[SourceVersionDate "2008.05.06"]
[SourceQuality "1"]

1. e4 c6 2. d4 d5 3. exd5 cxd5 4. c4 Nf6 5. Nc3 e6 6. Nf3 Bb4 7. Bd3 0-0 8. 0-0 Nc6 9. Bg5 Be7 10. Rc1 dxc4 11. Bxc4 Nb4 12. Qe2 b6 13. Rfd1 Nbd5 14. Ne5 Bb7 15. Ba6 Bxa6 16. Qxa6 Qc8 17. Qa4 Qb7 18. Nc6 Bd6 19. Bxf6 Nxf6 20. d5 exd5 21. Nxd5 Nxd5 22. Rxd5 Bc5 23. b4 Rac8 24. bxc5 Rxc6 25. Qd4 bxc5 1/2-1/2

[Event "EU-ch 8th"]
[Site "Dresden"]
[Date "2007.04.12"]
[Round "9"]
[White "Luechtemeier, Peter"]
[Black "Butnorius, Algimantas"]
[Result "0-1"]
[WhiteElo "2270"]
[BlackElo "2402"]
[PlyCount "122"]
[EventDate "2007.04.03"]
[EventType "swiss"]
[EventRounds "11"]
[EventCountry "GER"]
[SourceTitle "CBM 118"]
[Source "ChessBase"]
[SourceDate "2007.05.31"]
[SourceVersion "1"]
[SourceVersionDate "2007.05.31"]
[SourceQuality "1"]

1. d4 Nf6 2. c4 e6 3. Nf3 b6 4. g3 Ba6 5. Qc2 Bb7 6. Bg2 c5 7. d5 exd5 8. cxd5 Nxd5 9. 0-0 Nc7 10. Qf5 d5 11. Nc3 Qd7 12. Qe5+ Qe7 13. Bf4 Qxe5 14. Nxe5 Nba6 15. Rad1 Rd8 16. Rd2 f6 17. Nc4 Ba8 18. Rfd1 d4 19. Bxc7 Nxc7 20. e3 Bxg2 21. Kxg2 Ne6 22. Ne2 dxe3 23. Rxd8+ Nxd8 24. Nxe3 Ne6 25. Nc3 Nd4 26. a4 Bd6 27. Nb5 Nxb5 28. axb5 Be5 29. Ra1 Bb8 30. Rd1 g6 31. f4 Ke7 32. Kf3 f5 33. Re1 Kf7 34. Nd5 Rd8 35. Re7+ Kf8 36. Rb7 Rxd5 37. Rxb8+ Ke7 38. Ke3 Rd8 39. Rb7+ Rd7 40. Rb8 c4 41. Rc8 Rd3+ 42. Ke2 Rb3 43. Rxc4 Rxb2+ 44. Kf1 Ra2 45. Rc7+ Kd6 46. Rxh7 Kc5 47. Kg1 Rd2 48. Rxa7 Kxb5 49. Rg7 Rd6 50. Rc7 Kb4 51. Rc1 b5 52. Rb1+ Kc5 53. Rc1+ Kb6 54. Rb1 Rd2 55. Kf1 Rc2 56. Re1 b4 57. Re6+ Kc5 58. Ke1 b3 59. Kd1 Rg2 60. Re3 Rg1+ 61. Kd2 b2 0-1

[Event "EU-ch 8th"]
[Site "Dresden"]
[Date "2007.04.11"]
[Round "8"]
[White "Wippermann, Till"]
[Black "Luechtemeier, Peter"]
[Result "1/2-1/2"]
[WhiteElo "2410"]
[BlackElo "2270"]
[PlyCount "191"]
[EventDate "2007.04.03"]
[EventType "swiss"]
[EventRounds "11"]
[EventCountry "GER"]
[SourceTitle "CBM 118"]
[Source "ChessBase"]
[SourceDate "2007.05.31"]
[SourceVersion "1"]
[SourceVersionDate "2007.05.31"]
[SourceQuality "1"]

1. e4 c6 2. d4 d5 3. Nd2 dxe4 4. Nxe4 Bf5 5. Ng3 Bg6 6. Nh3 Nf6 7. Nf4 e5 8. Nxg6 hxg6 9. dxe5 Qa5+ 10. Bd2 Qxe5+ 11. Qe2 Nbd7 12. Qxe5+ Nxe5 13. Be2 0-0-0 14. Rd1 Bc5 15. 0-0 Rhe8 16. h3 Re7 17. Bg5 Rxd1 18. Rxd1 Rd7 19. Re1 Bb4 20. Rd1 Rxd1+ 21. Bxd1 Nd5 22. Be2 Be7 23. Bd2 f5 24. Nf1 Bb4 25. Bc1 Bc5 26. a3 b5 27. g3 a6 28. Kg2 Kd7 29. Nd2 Be7 30. Nf3 Nxf3 31. Kxf3 Bf6 32. Bd3 Nb6 33. c3 Ke6 34. Ke2 c5 35. Kd1 c4 36. Be2 Nd5 37. Kc2 Be5 38. Bd2 Bd6 39. a4 Bc5 40. Be1 Nb6 41. axb5 axb5 42. b3 Ke5 43. Bf1 Ke6 44. bxc4 bxc4 45. f3 Kd6 46. Bd2 Bf2 47. Bf4+ Kc5 48. Kd2 Kd5 49. Bc7 Nd7 50. g4 Bb6 51. Bg3 Nc5 52. Be2 Ba5 53. Bd1 Nd3 54. Bc2 f4 55. Bh4 Ne5 56. Be4+ Ke6 57. Bf2 g5 58. Kc2 Bc7 59. Bd4 Bd6 60. Kd2 Ba3 61. Kc2 Bd6 62. Bb6 Kd7 63. Bd5 Be7 64. Ba5 Kd6 65. Be4 Nc6 66. Bb6 Kd7 67. Bd5 Ne5 68. Bd4 Kd6 69. Bxe5+ Kxe5 70. Bxc4 Kd6 71. Kd3 Bf6 72. Bb3 Kc5 73. Ba4 Be5 74. Bd1 Bf6 75. Be2 Be5 76. Bf1 Bf6 77. c4 Bb2 78. Ke4 Kd6 79. Kf5 Bf6 80. Bd3 Kc5 81. Be2 Kd4 82. Ke6 Kc5 83. Bf1 Bb2 84. Kf5 Bf6 85. h4 gxh4 86. g5 Bd8 87. Kxf4 h3 88. Kf5 h2 89. Bg2 Kxc4 90. f4 Ba5 91. Ke6 Bc3 92. f5 Bb2 93. f6 Bxf6 94. gxf6 gxf6 95. Kxf6 h1Q 96. Bxh1 1/2-1/2

[Event "EU-ch 8th"]
[Site "Dresden"]
[Date "2007.04.05"]
[Round "3"]
[White "Luechtemeier, Peter"]
[Black "Mayer, Frank2222"]
[Result "1-0"]
[WhiteElo "2270"]
[BlackElo "2076"]
[PlyCount "59"]
[EventDate "2007.04.03"]
[EventType "swiss"]
[EventRounds "11"]
[EventCountry "GER"]
[SourceTitle "CBM 118"]
[Source "ChessBase"]
[SourceDate "2007.05.31"]
[SourceVersion "1"]
[SourceVersionDate "2007.05.31"]
[SourceQuality "1"]

1. Nf3 d5 2. d4 Nf6 3. c4 dxc4 4. e3 e6 5. Bxc4 c5 6. 0-0 a6 7. Bb3 b5 8. a4 b4 9. Nbd2 Bb7 10. Qe2 Be7 11. dxc5 0-0 12. e4 Nc6 13. Rd1 Qc7 14. Nc4 Rad8 15. Bg5 Nd7 16. Bxe7 Nxe7 17. Nd6 Nxc5 18. Nxb7 Qxb7 19. Bc4 a5 20. Re1 Ng6 21. g3 Qe7 22. h4 Qf6 23. e5 Qf5 24. Qe3 Rc8 25. Bb5 Rfd8 26. Rac1 Nb7 27. Rxc8 Rxc8 28. Ba6 Rc7 29. Qb6 Qxf3 30. Qxc7 1-0

[Event "Hessen-chB"]
[Site "Marburg"]
[Date "2006.04.15"]
[Round "7.2"]
[White "Luechtemeier, Peter"]
[Black "Eibelshaeuser, Stefan"]
[Result "1-0"]
[WhiteElo "2268"]
[BlackElo "2062"]
[PlyCount "79"]
[EventDate "2006.04.13"]
[EventType "swiss"]
[EventRounds "7"]
[EventCountry "GER"]
[SourceTitle "EXT 2007"]
[Source "ChessBase"]
[SourceDate "2006.11.23"]
[SourceVersion "1"]
[SourceVersionDate "2006.11.23"]
[SourceQuality "1"]

1. d4 d5 2. c4 e6 3. Nc3 Nf6 4. cxd5 exd5 5. Bg5 Be7 6. e3 0-0 7. Bd3 Nbd7 8. Qc2 h6 9. Bf4 c6 10. Nf3 Re8 11. 0-0 Nh5 12. Nxd5 Nxf4 13. Nxf4 Bd6 14. Ne2 Nf8 15. Bf5 Qf6 16. Bxc8 Raxc8 17. Ng3 Rcd8 18. Rac1 Bxg3 19. hxg3 Qe6 20. Qc4 Qf5 21. Qc5 Qd7 22. Ne5 Qc7 23. b4 a6 24. a4 Ne6 25. Qc2 Qd6 26. Rb1 Nc7 27. Qc5 Qf6 28. Qb6 Nd5 29. Qxb7 Nc3 30. Rbe1 Ne4 31. Qxc6 Nd2 32. Qxf6 gxf6 33. Nc6 Rd6 34. Rc1 Nxf1 35. Kxf1 Kf8 36. b5 axb5 37. axb5 Rc8 38. g4 Rc7 39. Ke2 Rb7 40. Rc5 1-0

[Event "Hessen-chB"]
[Site "Marburg"]
[Date "2006.04.14"]
[Round "6.1"]
[White "Garbe, Ralf"]
[Black "Luechtemeier, Peter"]
[Result "1/2-1/2"]
[WhiteElo "2169"]
[BlackElo "2268"]
[PlyCount "80"]
[EventDate "2006.04.13"]
[EventType "swiss"]
[EventRounds "7"]
[EventCountry "GER"]
[SourceTitle "EXT 2007"]
[Source "ChessBase"]
[SourceDate "2006.11.23"]
[SourceVersion "1"]
[SourceVersionDate "2006.11.23"]
[SourceQuality "1"]

1. Nf3 d5 2. g3 c6 3. Bg2 Bg4 4. Ne5 Bf5 5. d4 Nf6 6. c4 e6 7. Nc3 Nbd7 8. Qb3 Qc8 9. Bf4 Nxe5 10. Bxe5 Be7 11. Rc1 Qd7 12. 0-0 0-0 13. h3 Bg6 14. Rfd1 Rfd8 15. a3 Rac8 16. Qa4 a6 17. c5 Ne4 18. Qb3 Nxc3 19. Qxc3 Re8 20. g4 Bd8 21. b4 Bc7 22. Qg3 f6 23. Bxc7 Qxc7 24. Qxc7 Rxc7 25. e3 e5 26. a4 exd4 27. Rxd4 Kf8 28. Kf1 Rce7 29. Ke2 Be4 30. Bxe4 Rxe4 31. Rcd1 Kf7 32. R1d3 Rxd4 33. Rxd4 Re4 34. Kd3 Rxd4+ 35. Kxd4 Ke6 36. e4 dxe4 37. Kxe4 g6 38. h4 f5+ 39. gxf5+ gxf5+ 40. Kd4 Kf6 1/2-1/2

[Event "Hessen-chB"]
[Site "Marburg"]
[Date "2006.04.13"]
[Round "3.2"]
[White "Goloborodko, Dimitri"]
[Black "Luechtemeier, Peter"]
[Result "1/2-1/2"]
[WhiteElo "2031"]
[BlackElo "2268"]
[PlyCount "33"]
[EventDate "2006.04.13"]
[EventType "swiss"]
[EventRounds "7"]
[EventCountry "GER"]
[SourceTitle "EXT 2007"]
[Source "ChessBase"]
[SourceDate "2006.11.23"]
[SourceVersion "1"]
[SourceVersionDate "2006.11.23"]
[SourceQuality "1"]

1. e4 c6 2. d3 d5 3. Nd2 e5 4. Ngf3 Bd6 5. Qe2 Qe7 6. d4 exd4 7. exd5 cxd5 8. Nxd4 Nc6 9. N2b3 Bg4 10. f3 Bd7 11. Bg5 Qxe2+ 12. Bxe2 Nge7 13. 0-0-0 0-0-0 14. g3 Rhe8 15. Bd2 Nf5 16. Nb5 Bb8 17. Bd3 1/2-1/2

[Event "Hessen-chB"]
[Site "Marburg"]
[Date "2006.04.13"]
[Round "2.2"]
[White "Luechtemeier, Peter"]
[Black "Breitwieser, Peter"]
[Result "1-0"]
[WhiteElo "2268"]
[BlackElo "1898"]
[PlyCount "65"]
[EventDate "2006.04.13"]
[EventType "swiss"]
[EventRounds "7"]
[EventCountry "GER"]
[SourceTitle "EXT 2007"]
[Source "ChessBase"]
[SourceDate "2006.11.23"]
[SourceVersion "1"]
[SourceVersionDate "2006.11.23"]
[SourceQuality "1"]

1. d4 Nf6 2. c4 e5 3. dxe5 Ng4 4. Bf4 Bb4+ 5. Nd2 Qe7 6. Ngf3 Nc6 7. a3 Ngxe5 8. Nxe5 Nxe5 9. e3 Bxd2+ 10. Qxd2 0-0 11. c5 Re8 12. Rc1 b6 13. cxb6 cxb6 14. Rc7 Qf6 15. Be2 a5 16. 0-0 Rb8 17. Rd1 Rb7 18. Rcc1 h6 19. Qd6 Qxd6 20. Rxd6 Rb8 21. h3 b5 22. b3 b4 23. Rc5 f6 24. Rxa5 bxa3 25. Rxa3 Rb4 26. Bxe5 fxe5 27. Ra4 Rb8 28. b4 Kf8 29. b5 Ke7 30. Rd1 d6 31. Ra7+ Rb7 32. b6 Rd8 33. Bf3 1-0

[Event "Hessen-chB"]
[Site "Marburg"]
[Date "2006.04.13"]
[Round "1.2"]
[White "Siegismund, Bernd"]
[Black "Luechtemeier, Peter"]
[Result "0-1"]
[WhiteElo "1749"]
[BlackElo "2268"]
[PlyCount "90"]
[EventDate "2006.04.13"]
[EventType "swiss"]
[EventRounds "7"]
[EventCountry "GER"]
[SourceTitle "EXT 2007"]
[Source "ChessBase"]
[SourceDate "2006.11.23"]
[SourceVersion "1"]
[SourceVersionDate "2006.11.23"]
[SourceQuality "1"]

1. e4 c6 2. d4 d5 3. exd5 cxd5 4. c4 Nf6 5. Nc3 Nc6 6. Nf3 Bg4 7. Be3 e6 8. a3 Be7 9. c5 Ne4 10. Be2 Nxc3 11. bxc3 0-0 12. 0-0 b6 13. cxb6 Qxb6 14. Qa4 Bf5 15. Bb5 Na5 16. Ne5 a6 17. Bd3 Bxd3 18. Nxd3 Rfb8 19. Nb4 Bd6 20. Qc2 Nc4 21. Rfb1 Qc7 22. g3 a5 23. Nd3 Rxb1+ 24. Qxb1 Nxe3 25. fxe3 Qxc3 26. Qf1 Rb8 27. Rc1 Qd2 28. Rc6 Qxe3+ 29. Kg2 Qe4+ 30. Kh3 Bxa3 31. Ne5 Qf5+ 32. Qxf5 exf5 33. Ra6 Bb4 34. Nc6 Rc8 35. Nxa5 Bxa5 36. Rxa5 Rd8 37. Kg2 g5 38. Kf3 Kg7 39. h4 f6 40. Ra7+ Kg6 41. Ra6 g4+ 42. Kf4 h5 43. Re6 Ra8 44. Ke3 Ra3+ 45. Kf2 Rf3+ 0-1